C'est nous les canuts ... /

Gardado en:
Detalles Bibliográficos
Autor Principal: Rude, Fernand
Formato: Libro
Idioma:French
Publicado: Paris : F. Maspero, 1977.
Series:Actes du peuple.
Subjects:
LEADER 01022nam a2200313 a 4500
001 c000185493
003 CARM
005 19970718000000.0
008 780111s1977 fr 000 0 fre
010 |a 77480968 //r862 
015 |a F*** 
019 1 |a 1117028  |5 LACONCORD2021 
020 |a 2707109002  |c 40.00F 
035 |a (OCoLC)3630027  |5 LACONCORD2021 
040 |a LC  |b eng  |c LC  |d LC 
043 |a e-fr--- 
050 0 0 |a DC266.5  |b .R8 
100 1 |a Rude, Fernand. 
245 1 0 |a C'est nous les canuts ... /  |c Fernand Rude. 
260 |a Paris :  |b F. Maspero,  |c 1977. 
300 |a 261 p. ;  |c 22 cm. 
490 0 |a Actes du peuple. 
650 0 |a Riots  |z France  |z Lyon. 
650 0 |a Labor  |z France  |z Lyon. 
650 0 |a Working class  |z France  |z Lyon. 
651 0 |a Lyon (France)  |x History. 
852 8 |b CARM  |h A2:AK29B0  |i B05471  |p 0250566  |f BK 
999 f f |i 94859877-7c07-57c4-bb28-e4bd44872a65  |s d5374cf7-ca55-5bbd-897c-eaf264a84f2b 
952 f f |p Can circulate  |a CAVAL  |b CAVAL  |c CAVAL  |d CARM 1 Store  |e B05471  |f A2:AK29B0  |h Other scheme  |i book  |m 0250566